Κατάλογος Βιβλιοθηκών Mediterranean College

Γενικά Μαθηματικά. (Record no. 4327)

MARC details
000 -LEADER
fixed length control field 02049cam a22002054a 4500
005 - ΗΜΕΡΟΜΗΝΙΑ ΚΑΙ ΩΡΑ ΤΕΛΕΥΤΑΙΑΣ ΕΝΗΜΕΡΩΣΗΣ
Πεδίο ελέγχου 20250605164143.0
008 - FIXED-LENGTH DATA ELEMENTS--GENERAL INFORMATION
Πεδίο ελέγχου σταθερού μήκους 250528s ||||||||||||||||||||||||d
035 ## - SYSTEM CONTROL NUMBER
System control number 19043
020 ## - ISBN
ISBN 9600101957
040 ## - ΠΗΓΗ ΚΑΤΑΛΟΓΟΓΡΑΦΗΣΗΣ
Φορέας πρωτότυπης καταλογογράφησης MC Athens Campus Library
Γλώσσα καταλογογράφησης Ελληνικά, Μοντέρνα (1453-)
Modifying agency MC Athens Campus Library
Κανόνες περιγραφικής καταλογογράφησης AACR2
245 1# - ΤΙΤΛΟΣ ΚΑΙ ΔΗΛΩΣΗ ΥΠΕΥΘΥΝΟΤΗΤΑΣ
Τίτλος Γενικά Μαθηματικά.
Number of part/section of a work Τεύχος Α'
260 ## - PUBLICATION, DISTRIBUTION, ETC.
Name of publisher, distributor, etc. Gutenberg,
Date of publication, distribution, etc. 2001
300 ## - PHYSICAL DESCRIPTION
Extent 328
520 ## - SUMMARY, ETC.
Summary, etc. Εισαγωγικές Έννοιες, Βασικοί Ορισμοί, Απεικονίσεις Συνόλων, Διμελείς Σχέσεις, Εσωτερικές Πράξεις, Βασικές Αλγεβρικές Δομές, Εξωτερικές Πράξεις, Το Σύνολο των Μιγαδικών Αριθμών, Στοιχεία Συνδυαστικής, Διατάξεις και Μεταθέσεις, Συνδυασμοί, Δυνάμεις Αθροισμάτων, Μήτρες - Ορίζουσες - Γραμμικά Συστήματα, Λογισμός μητρών, Ορίζουσες, Γραμμικά Συστήματα, Ομαλές Μήτρες, Διανυσματικοί Χώροι, Γενικότητες, Βασικοί Διανυσματικοί Χώροι, Ευκλείδιοι Χώροι, Σημειακοί Χώροι, Ακολουθίες και Σειρές, Ακολουθίες Πραγματικών Αριθμών, Ακολουθίες Διανυσμάτων, Σειρές Πραγματικών Αριθμών, Πραγματικές Συναρτήσεις, Βασικές Έννοιες σε Συναρτήσεις μιας Μεταβλητής, Οριακές Τιμές Συναρτήσεων, Συνεχείς Συναρτήσεις, Διανυσματικές Συναρτήσεις - Καμπύλες και Επιφάνειες, Επίπεδες Καμπύλες, Επιφάνειες και Καμπύλες στο Χώρο, Ασκήσεις, Ευρετήριο Όρων.
700 1# - ΠΡΟΣΘΕΤΗ ΑΝΑΓΡΑΦΗ--ΦΥΣΙΚΟ ΠΡΟΣΩΠΟ
Personal name Παπαμιχαηλ Δ
9 (RLIN) 2505
700 1# - ΠΡΟΣΘΕΤΗ ΑΝΑΓΡΑΦΗ--ΦΥΣΙΚΟ ΠΡΟΣΩΠΟ
Personal name Ταμπουρατζής Δ
9 (RLIN) 2506
942 ## - ADDED ENTRY ELEMENTS (KOHA)
Koha item type Books
Holdings
Τύπος τεκμηρίου Βιβλιοθήκη Τρέχουσα τοποθεσία Barcode Αριθμός εισαγωγής Ημερομηνία απόκτησης Ταξιθετικό σύμβολο Αριθμός αντιτύπου Κατάσταση απόσυρσης Κατάσταση χαμένου Κατάσταση κατεστραμμένου Μη δανεισμός Σύνολο δανεισμών Ημερομηνία τελευταίας εμφάνισης Η τιμή ισχύει από
Books MC Athens Campus Library MC Athens Campus Library 9780000043269 3980 05/06/2025 510 PAP V.A 1           05/06/2025 05/06/2025

MC Athens Campus Library
Πατησίων 94 & Κοδριγκτώνος 13, 104 34
Πελλήνης 8 & Πατησίων 107, 112 51
Τ: +30 210 8899600

MC Thessaloniki Campus Library
Ίωνος Δραγούμη 21, 54625 | Ίωνος Δραγούμη 15, 54625
Τ: +30 2310 287779 – Τ: +30 2314 440300